| 000 | 00649nam a2200241Ia 4500 | ||
|---|---|---|---|
| 003 | 0100 | ||
| 008 | 130303s9999 xx 000 0 und d | ||
| 020 | _a0873430522 | ||
| 040 | _cARRUPELIB | ||
| 050 | _aBJ1063.M29 1990 | ||
| 100 | _aMaritain, Jacques | ||
| 245 | 3 | _aAn Introduction to the Basic Problems of Moral Philosophy | |
| 260 | _aALbany, NY | ||
| 260 | _bMagi Books, Inc. | ||
| 260 | _C1990 | ||
| 300 | _a216p. | ||
| 300 | _b 22cm. | ||
| 650 | _aETHICS | ||
| 650 | _bLuba (African people)--Politics and government | ||
| 650 | _cPhilosophy, Luba (African people) | ||
| 650 | _dLuba (African People)--Religion | ||
| 942 | 0 | 0 | _03 |
| 999 |
_c20746 _d20746 |
||